Gas separation by adsorption processes /
Guardado en:
| Autor Principal: | |
|---|---|
| Formato: | Libro |
| Idioma: | English |
| Publicado: |
Boston :
Butterworths,
c1987.
|
| Materias: | |
| Etiquetas: |
Agregar Etiqueta
Sin Etiquetas, Sea el primero en etiquetar este registro!
|
| LEADER | 00788cam a22002535a 4500 | ||
|---|---|---|---|
| 001 | EIQ.libpla002863 | ||
| 008 | 860819s1987####maua#####b####001#0#eng#d | ||
| 005 | 20070905175440.0 | ||
| 245 | 1 | 0 | |a Gas separation by adsorption processes / |c Ralph T. Yang. |
| 260 | |a Boston : |b Butterworths, |c c1987. | ||
| 300 | |a x, 352 p. : |b il. ; |c 25 cm. | ||
| 504 | |a Incluye referencias bibliográficas e índices. | ||
| 020 | |a 0409900044 | ||
| 100 | 1 | |a Yang, R. T. | |
| 082 | 0 | 0 | |a 660.2/842 |2 19 |
| 650 | 4 | |a Gases |x Separación. | |
| 650 | 4 | |a Gases |x Absorción. | |
| 650 | 4 | |a Gases |x Adsorción. | |
| 650 | 0 | |a Gases |x Separation. | |
| 650 | 4 | |a Gases |x Absorption. | |
| 650 | 4 | |a Gases |x Adsorption. | |
| 010 | |a 86021584 | ||
| 040 | |a DLC |c DLC |d AR-BbSID | ||
| 859 | |a AR-BbSID |b BIB. PLAPIQUI |h 660.284 2 |i Y 15 |p 3316 | ||
